000 00660nam a2200181Ia 4500
008 151018s9999 xx 000 0 und d
082 _bRBASDV44812
_a891.433
100 _aप्रभा नारायण
245 _aचूँ चूँ कि परदेस यात्रा
250 _b1
260 _bसाक्षर प्रकाशन
_c2007
300 _a56
600 _aप्रभा नारायण
630 _aचूँ चूँ कि परदेस यात्रा
700 _aप्रभा नारायण
730 _aचूँ चूँ कि परदेस यात्रा
942 _cBOOK
999 _c1044004
_d1044001